Un Dos Tres - Familles - Statistiques

Statistiques générales
  • Ce quiz a été pris 50 fois
  • Le résultat moyen est 8 sur 15
Answers on the Grid
Answers color-coded by a green-red scale on the quiz's grid according to % correct below.
Lola - Georges
Mariano - Luca
Pedro - Victor
Silvia - Alicia
Roberto - Sergio
Carmen - Gaspard
Pedro - Antonio
Diana - Silvia
Pavel - Dimitri
Cristobal - Horacio
Diana - Juanito
Roberto - Victor
Erika - Junior
Cesar - Marta
Mariano - Juan
Ingrid - Lola
Paula - Tania
Pavel - Lola
Adela - Marta
Ingrid - Eugenio
Roman - Georges
JJ - Cristobal
Sonia - Silvia
Alicia - Victor
Pedro - Luis
Juan - Manuela
Eva - Irene
Paula - Jennifer
Jero - Roberto
Lola - Jonathan
 
Statistiques - réponses
Réponse % Correct
Lola - Georges
81%
Silvia - Alicia
75%
Adela - Marta
69%
Roberto - Sergio
66%
Diana - Juanito
59%
Lola - Jonathan
53%
Roman - Georges
47%
Paula - Jennifer
41%
Paula - Tania
41%
Pavel - Dimitri
41%
Pedro - Luis
41%
Ingrid - Eugenio
38%
Mariano - Luca
38%
Roberto - Victor
38%
Juan - Manuela
28%
Aucun quiz correspondant
Distribution des résultats
% des personnes avec chaque résultat
Percentile par nombre de réponses
Votre historique - résultats
Vous n’avez pas pris ce quiz